Políticas públicas (Registro nro. 4588)

Detalles MARC
000 -CABECERA
Longitud fija campo de control 01314nam a2200289Ia 4500
005 - • FECHA Y HORA DE LA ÚLTIMA TRANSACCIÓN
Fecha y hora de la última transacción 20220317000625.0
008 - • CÓDIGOS DE INFORMACIÓN DE LONGITUD FIJA
Códigos de información de longitud fija 160601s9999 xx 000 0 und d
020 ## - • NÚMERO INTERNACIONAL NORMALIZADO PARA LIBROS
Número Internacional Normalizado para Libros (ISBN) 958913615X
082 04 - • NÚMERO DE LA CLASIFICACIÓN DECIMAL DEWEY
Número de clasificación (R) 352.13
Número del ítem R67p
040 ## - FUENTE DE LA CATALOGACIÓN
Centro catalogador de origen CO-BoRNBP
Lengua de catalogación spa
Normas de descripción rda
Centro transcriptor CO-BoRNBP
100 1# - • PUNTO DE ACCESO PRINCIPAL-NOMBRE DE PERSONA
Nombre de persona Roth Deubel, André-Noel
245 10 - • TITULO PROPIAMENTE DICHO
Título Políticas públicas
Resto del título formulación, implementación y evaluación
Mención de responsabilidad, etc. André-Nol Roth Deubel
250 ## - • MENCIÓN DE EDICIÓN
Mención de edición 1a. edición
Resto de la mención de edición 2a. reimpresión
264 ## - PRODUCCIÓN, PUBLICACIÓN , DISTRIBUCIÓN, FABRICACIÓN Y COPYRIGHT
Lugar de producción, publicación, distribución, fabricación Bogotá
Nombre del productor, editor, distribuidor, fabricante Aurora
Fecha de de producción, publicación, distribución, fabricación o copyright 2004
300 ## - • DESCRIPCIÓN FÍSICA
Extensión 232 páginas
Dimensiones 21 cm
336 ## - TIPO DE CONTENIDO
Término de tipo de contenido texto
Código de tipo de contenido txt
Fuente rdacontent
337 ## - TIPO DE MEDIO
Nombre del tipo de medio sin mediación
Código del tipo de medio n
Fuente rdamedia
338 ## - TIPO DE SOPORTE
Nombre del tipo de soporte volumen
Código del tipo de soporte nc
Fuente rdacarrier
500 ## - • NOTA GENERAL
Nota general Incluye bibliografía
505 ## - • NOTA DE CONTENIDO CON FORMATO
Nota de contenido con formato Capitulo 1. Conceptos, teorías y herramientas para el análisis de las políticas públicas -- Capitulo 2. Identificación, construcción de programas y agenda política -- Capitulo 3. Formulación de soluciones y decisión -- Capitulo 4. La implementación de las decisiones -- Capitulo 5. La evaluación de las políticas públicas -- Capitulo 6. Estado y cambio de política pública
650 14 - • PUNTO DE ACCESO ADICIONAL DE MATERIA - TÉRMINO DE MATERIA
Fuente del encabezamiento o término LEMB
Término de materia o nombre geográfico como elemento inicial Ciencias políticas
650 14 - • PUNTO DE ACCESO ADICIONAL DE MATERIA - TÉRMINO DE MATERIA
Fuente del encabezamiento o término LEMB
Término de materia o nombre geográfico como elemento inicial Administración pública
650 14 - • PUNTO DE ACCESO ADICIONAL DE MATERIA - TÉRMINO DE MATERIA
Fuente del encabezamiento o término LEMB
Término de materia o nombre geográfico como elemento inicial Filosofía política
650 14 - • PUNTO DE ACCESO ADICIONAL DE MATERIA - TÉRMINO DE MATERIA
Fuente del encabezamiento o término LEMB
Término de materia o nombre geográfico como elemento inicial Sociología política
650 14 - • PUNTO DE ACCESO ADICIONAL DE MATERIA - TÉRMINO DE MATERIA
Fuente del encabezamiento o término LEMB
Término de materia o nombre geográfico como elemento inicial Estado
942 ## - ENTRADA DE ELEMENTOS AGREGADOS (KOHA)
Fuente de clasificaión o esquema Dewey Decimal Classification
Koha [por defecto] tipo de item LIbro
Existencias
Perdido Fuente de clasificación o esquema Estado Físico No para préstamo Forma de adquisición Localización permanente Localización actual Localización en estanterías Fecha adquisición Préstamos totales Signatura completa Código de barras Fecha última consulta Número de copia Fecha del precio de reemplazo Tipo de item de Koha
  Dewey Decimal Classification     Colección General Biblioteca Pública Dorado Biblioteca Pública Dorado General 12/23/2022   352.13 DOR00286 12/23/2022 Ej.1 12/23/2022 LIbro
  Dewey Decimal Classification     Colección General Biblioteca Pública José Eustasio Rivera - San Martin Biblioteca Pública José Eustasio Rivera - San Martin General 05/11/2023   352.13 R67p SM001179 05/11/2023 Ej.1 05/11/2023 LIbro
  Dewey Decimal Classification     Colección General Biblioteca Pública Acacias - Carlos María Hernández Rojas Biblioteca Pública Acacias - Carlos María Hernández Rojas General 05/15/2025   352.13 R67p ACA02595 05/15/2025 Ej.1 05/15/2025 LIbro
  Dewey Decimal Classification     Colección General Biblioteca Pública Mapiripan Biblioteca Pública Mapiripan General 07/12/2023   352.13 R67p MAP0000381 07/12/2023 Ej.1 07/12/2023 LIbro
  Clasificación Local Facetada     Colección General Biblioteca Pública Puerto Concordia Biblioteca Pública Puerto Concordia General 02/06/2026   352.13 R67p PCON00760 02/06/2026 Ej.1 02/06/2026 LIbro
  Dewey Decimal Classification     Colección General Biblioteca Pública Puerto Rico Biblioteca Pública Puerto Rico General 01/23/2023   352.13 R67p PR000000141 01/23/2023 Ej.1 01/23/2023 LIbro
  Dewey Decimal Classification     Colección General Biblioteca Pública Uribe - Reinerio Arenas Biblioteca Pública Uribe - Reinerio Arenas General 07/19/2024   352.13 R67p URI00415 07/19/2024 Ej.1 07/19/2024 LIbro









Instituto Departamental de Cultura del Meta - Red Departamental de Bibliotecas Públicas del Meta.